000 00345nam a2200145Ia 4500
008 230917s9999||||xx |||||||||||||| ||und||
040 _e70139
_aMAIN
041 _aEnglish
082 _a658.787 S64I
100 _aSingh, U K
245 0 _aInventory management
260 _aNew Delhi
_bCommonwealth
_c1996
300 _avi, 286 p.
942 _cBK
999 _c95057
_d95057